| 000 | 00355nam a22001217a 4500 | ||
|---|---|---|---|
| 008 | 130529b xxu||||| |||| 00| 0 eng d | ||
| 082 |
_222ED _a348.041WEE _b1 |
||
| 100 | _aC.J.ELLIS | ||
| 245 |
_aThe Weekly Law Reports 1975 VOL.1 _cC.J.ELLIS |
||
| 260 |
_aENGLAND _bTHE INCORPROATE COUNCIL OF LAW REPORTING |
||
| 300 |
_axIi.;1719P, _c24cm. |
||
| 942 |
_2ddc _cLRT |
||
| 999 |
_c5372 _d5372 |
||